African Cities - Sudden Death - Statistics

General Stats
  • This quiz has been taken 54 times
  • The average score is 9 of 17
Answers on the Grid
Answers color-coded by a green-red scale on the quiz's grid according to % correct below.
Abidjan
Matola
Bukavu
Jinan
Hefei
Nampula
Ahmedabad
Blantyre
Surabaya
Tshikapa
Bujumbura
Sousse
Charlotte
Toulouse
João Pessoa
Kananga
Pointe-Noire
Benguela
Fez
Kaduna
Arequipa
Noumea
Kumasi
Ekurhuleni
Saltillo
Omsk
Constanta
Gqeberha
Arusha
Caloocan
 
Answer Stats
Answer % Correct
Fez
85%
Abidjan
81%
Bujumbura
75%
Kananga
62%
Sousse
54%
Benguela
50%
Kumasi
50%
Nampula
50%
Pointe-Noire
50%
Arusha
46%
Matola
46%
Bukavu
44%
Kaduna
44%
Gqeberha
40%
Tshikapa
38%
Ekurhuleni
33%
Blantyre
31%
No matching quizzes found
Score Distribution
Percent of People with Each Score
Percentile by Number Answered
Your Score History
You have not taken this quiz